Contemporary religious tendencies in Korea : as reflected in a confucian sect
Αποθηκεύτηκε σε:
| Κύριος συγγραφέας: | |
|---|---|
| Μορφή: | Βιβλίο |
| Γλώσσα: | English |
| Δημοσίευση: |
Denmark :
Nordic Institute of Asian Studies,
1993
|
| Σειρά: | NIAS reports ;
; 15 |
| Θέματα: | |
| Ετικέτες: |
Προσθήκη ετικέτας
Δεν υπάρχουν, Καταχωρήστε ετικέτα πρώτοι!
|
MARC
| LEADER | 00000nam a2200000 i 4500 | ||
|---|---|---|---|
| 001 | 1/98522 | ||
| 008 | 000121s1993 eng d | ||
| 022 | |a 0904597X | ||
| 035 | |l 10056543 | ||
| 040 | |a GR-MY-UA |b gre |e aacr | ||
| 041 | 0 | |a eng | |
| 082 | 0 | |a 291.9095195 | |
| 100 | 1 | |a Wagner, Dorrit. | |
| 245 | 1 | 0 | |a Contemporary religious tendencies in Korea : |b as reflected in a confucian sect / |c Dorrit Wagner |
| 260 | |a Denmark : |b Nordic Institute of Asian Studies, |c 1993 | ||
| 300 | |a 20 p. | ||
| 490 | 1 | |a NIAS reports |v ; 15 | |
| 650 | 0 | 0 | |a Sects |z Korea (South) |
| 651 | 0 | |a Korea (South) |x Religion. | |
| 830 | 0 | |a NIAS reports ; |v ; 15 | |
| 852 | |a INST |b LESVOS |e 20000121 |h 291.9095195 WAG |p 005100021232 |q 005100021232 |t BK |y 0 | ||
| 901 | |a BIBL1-2000-2 | ||
| 909 | |a Λ |b 066733 | ||
| 922 | |a 1ΕΛΗ |b 199906 |c ΚΠΣ/ΤΚ |d ΠΑΠΑΣΩΤΗΡΙΟΥ | ||
| 950 | |a 103-1998-07-27 | ||
| 970 | |z 2000/05/ΜΙΧΑΗΛΙΔΟΥ ΑΝΝΑ | ||